[Event "ch-RUS Rapid 2016"]
[Site "Sochi RUS"]
[Date "2016.10.02"]
[Round "5.14"]
[White "Zakhartsov, Vladimir"]
[Black "Sakaev, Konstantin"]
[Result "1/2-1/2"]
[WhiteTitle "IM"]
[BlackTitle "GM"]
[WhiteElo "2452"]
[BlackElo "2594"]
[WhiteFideId "4145097"]
[BlackFideId "4104226"]
[EventDate "2016.10.02"]

1. e4 c5 2. Nf3 d6 3. d4 cxd4 4. Nxd4 Nf6 5. Nc3 a6 6. h3 e5 7. Nde2 h5 8. Ng1
Nbd7 9. Nf3 b5 10. Ng5 Bb7 11. Qf3 Qc7 12. Bd3 Be7 13. Be3 Nc5 14. O-O O-O 15.
Rad1 Rac8 16. Ne2 d5 17. Bxc5 Qxc5 18. c3 g6 19. b4 Qc7 20. Qe3 Kg7 21. a3 dxe4
22. Bxe4 Nxe4 23. Nxe4 Rfd8 24. Rxd8 Rxd8 25. Nd2 Qd6 26. Nf3 Bf6 27. Ng3 Qd3
28. Re1 Qxe3 29. Rxe3 Rd1+ 30. Kh2 Rd5 31. Ne4 Be7 32. Ned2 f6 33. c4 Rd7 34.
cxb5 axb5 35. Nb3 Kf7 36. Rc3 Bd5 37. Nc5 Rc7 38. Nd2 Rc8 39. f3 f5 40. Rd3 Rd8
41. Kg1 Bc6 42. Rxd8 Bxd8 43. Kf2 Ke7 44. Ke2 Kd6 45. Kd3 Bb6 46. a4 Bxc5 47.
bxc5+ Kxc5 48. axb5 Bxb5+ 49. Ke3 g5 50. g4 hxg4 51. hxg4 f4+ 52. Ke4 Kd6 53.
Kf5 Kd5 54. Kxg5 Kd4 55. Kf6 1/2-1/2

[Event "ch-RUS Rapid 2016"]
[Site "Sochi RUS"]
[Date "2016.10.02"]
[Round "5.15"]
[White "Potapov, Alexander1"]
[Black "Bocharov, Dmitry"]
[Result "1-0"]
[WhiteTitle "GM"]
[BlackTitle "GM"]
[WhiteElo "2402"]
[BlackElo "2611"]
[WhiteFideId "4115074"]
[BlackFideId "4138716"]
[EventDate "2016.10.02"]

1. d4 Nf6 2. c4 e6 3. Nc3 Bb4 4. g3 O-O 5. Bg2 d5 6. Nf3 dxc4 7. O-O Nc6 8. Bg5
h6 9. Bxf6 Qxf6 10. e3 Rd8 11. Nd2 e5 12. d5 Ne7 13. e4 Bd7 14. Nxc4 Bc5 15. Qb3
Rab8 16. Rac1 c6 17. Ne3 Bd4 18. Ne2 Be8 19. Nxd4 exd4 20. Ng4 Qg5 21. h3 cxd5
22. f4 Qh5 23. Rc7 Rd7 24. Rxd7 Bxd7 25. Ne5 Be6 26. g4 Qh4 27. exd5 Bc8 28. Qc4
Qf6 29. d6 Qxd6 30. Qxf7+ Kh8 31. Qf8+ 1-0

[Event "ch-RUS Rapid 2016"]
[Site "Sochi RUS"]
[Date "2016.10.02"]
[Round "5.16"]
[White "Rozum, Ivan"]
[Black "Sergeyev, Alexander"]
[Result "1-0"]
[WhiteTitle "GM"]
[BlackTitle "FM"]
[WhiteElo "2590"]
[BlackElo "2400"]
[WhiteFideId "24104272"]
[BlackFideId "13702076"]
[EventDate "2016.10.02"]

1. d4 d5 2. Nf3 Bg4 3. Ne5 Bh5 4. c4 f6 5. Nf3 Nc6 6. cxd5 Bxf3 7. gxf3 Qxd5 8.
e3 O-O-O 9. Nc3 Qh5 10. Be2 e5 11. d5 Bb4 12. Qb3 Bxc3+ 13. bxc3 Na5 14. Qa4 b6
15. e4 Ne7 16. Rb1 c5 17. Be3 Qg6 18. Rb5 Nxd5 19. exd5 Rxd5 20. Bxc5 Rhd8 21.
Be3 Rxb5 22. Qxb5 Kc7 23. f4 Qg2 24. Rf1 Rd5 25. Qa6 Nc6 26. Qc4 b5 27. Qb3 Qe4
28. f3 Qxe3 29. Qxd5 exf4 30. Qd3 Qc5 31. Qxb5 Qxc3+ 32. Kf2 Nd4 33. Qc4+ 1-0

[Event "ch-RUS Rapid 2016"]
[Site "Sochi RUS"]
[Date "2016.10.02"]
[Round "5.17"]
[White "Levin, Evgeny A."]
[Black "Denisov, Ivan"]
[Result "1/2-1/2"]
[WhiteTitle "GM"]
[BlackTitle "IM"]
[WhiteElo "2505"]
[BlackElo "2400"]
[WhiteFideId "4182596"]
[BlackFideId "24119466"]
[EventDate "2016.10.02"]

1. d4 Nf6 2. c4 e6 3. Nf3 b6 4. g3 Ba6 5. Qc2 d5 6. cxd5 exd5 7. Bg2 Be7 8. O-O
O-O 9. Nc3 Bb7 10. Bg5 Nbd7 11. Ne5 h6 12. Bf4 c6 13. Rfd1 Re8 14. e4 Nf8 15.
Rac1 Ne6 16. Be3 Rc8 17. exd5 cxd5 18. Qb3 a6 19. Ne2 Qd6 20. Nf4 Ng5 21. Nfd3
Rxc1 22. Rxc1 Rc8 23. Re1 Ne6 24. Bh3 Re8 25. a3 a5 26. Qa4 Ra8 27. Nf4 Ng5 28.
Bg2 Bf8 29. Ne2 Ne6 30. Nc3 Qd8 31. Qb3 Rb8 32. Rc1 Ba8 33. Qb5 Qe8 34. Bf1 Qxb5
35. Nxb5 Bb7 36. Na7 Ra8 37. Nac6 Bd6 38. Nd3 Rc8 39. Na7 Rxc1 40. Nxc1 Nc7 41.
Nb5 Nxb5 42. Bxb5 Kf8 43. Ne2 Ke7 44. Bf4 g5 45. Bxd6+ Kxd6 46. f3 Bc6 47. Bd3
Bd7 48. Kf2 Ne8 49. Nc3 Nc7 50. h4 Ne6 51. Ke3 f6 52. Nd1 Ng7 53. Kf2 Bf5 54.
Be2 Ne6 55. Ke3 Bh7 56. Bf1 Bg6 57. Bh3 Nc7 58. Nc3 Bh7 59. Bf1 Kc6 60. Be2 Bc2
61. Kd2 Bh7 62. Bd1 Kd6 63. Ba4 Ne6 64. Ke3 Ng7 65. Nb5+ Ke7 66. hxg5 hxg5 67.
g4 Ne6 68. Nc3 Kd6 1/2-1/2

[Event "ch-RUS Rapid 2016"]
[Site "Sochi RUS"]
[Date "2016.10.02"]
[Round "5.18"]
[White "Sadovsky, Artem"]
[Black "Bologan, Victor"]
[Result "0-1"]
[BlackTitle "GM"]
[WhiteElo "2414"]
[BlackElo "2640"]
[WhiteFideId "4155840"]
[BlackFideId "13900048"]
[EventDate "2016.10.02"]

1. e4 c5 2. Nf3 d6 3. c3 Nf6 4. h3 g6 5. Bd3 Bg7 6. Bc2 O-O 7. d4 Nc6 8. O-O Nd7
9. Bg5 Qb6 10. d5 Nce5 11. Nxe5 Nxe5 12. Qc1 f6 13. Bh4 g5 14. Bg3 f5 15. Bxe5
Bxe5 16. Qxg5+ Kh8 17. Qxe7 Bg7 18. b3 fxe4 19. Nd2 Bf5 20. Nc4 Qd8 21. Qxd6
Bxc3 22. Rad1 Bd4 23. Qxd8 Raxd8 24. Ne3 Bg6 25. Rfe1 Rd7 26. Re2 Rdf7 27. Rf1
Kg7 28. Nc4 Re7 29. a4 h5 30. h4 b6 31. Kh1 Ref7 32. Bxe4 Bxe4 33. Rxe4 Rxf2 34.
Rxf2 Rxf2 35. d6 Rf1+ 36. Kh2 Rd1 37. Kg3 Kf6 38. Re2 Bc3 39. Kf4 a6 40. Rc2 Rd3
41. Ke4 Rd4+ 42. Kf3 Be1 43. g3 b5 44. axb5 axb5 45. Ne3 Bb4 46. Rf2 Rxd6 47.
Ke4+ Ke6 48. Nf5 Rd7 49. Re2 Kf6 50. Rf2 Kg6 51. Ke5 Rf7 52. Rf3 c4 53. bxc4
bxc4 54. Rf4 Bd2 55. Rf2 c3 56. Ke6 c2 57. g4 Rf6+ 0-1

[Event "ch-RUS Rapid 2016"]
[Site "Sochi RUS"]
[Date "2016.10.02"]
[Round "5.19"]
[White "Dzhangobegov, Vladimir"]
[Black "Timofeev, Artyom"]
[Result "1/2-1/2"]
[WhiteTitle "FM"]
[BlackTitle "GM"]
[WhiteElo "2296"]
[BlackElo "2601"]
[WhiteFideId "4180984"]
[BlackFideId "4140419"]
[EventDate "2016.10.02"]

1. e4 c5 2. Nf3 Nc6 3. Bb5 e6 4. Bxc6 bxc6 5. b3 Ne7 6. O-O Ng6 7. e5 f6 8. Bb2
Be7 9. Na3 fxe5 10. Nxe5 Nxe5 11. Bxe5 O-O 12. Qg4 Rf7 13. Nc4 d6 14. Bg3 e5 15.
Qe2 Bf5 16. d3 Bf6 17. Rae1 g5 18. Qd2 h5 19. f3 Kh7 20. c3 Bg6 21. Bf2 Qf8 22.
d4 Rd8 23. d5 cxd5 24. Qxd5 Rfd7 25. Nd2 Qf7 26. Ne4 Be7 27. c4 Qxd5 28. cxd5
Bf7 29. Rd1 a5 30. Rd2 Ra8 31. Be3 Kg6 32. Nc3 Rb7 33. Rc1 Be8 34. Ne4 a4 35.
Rc3 g4 36. fxg4 hxg4 37. h3 Rb4 38. Rc4 axb3 39. Rxb4 cxb4 40. axb3 Ra1+ 41. Kh2
Rb1 42. hxg4 Rxb3 43. Bb6 Ra3 44. Bc7 b3 45. Bxd6 Bxd6 46. Nxd6 Ra2 47. Rd3 Ba4
48. Nc4 b2 49. Nd2 Ra1 50. d6 Rd1 51. d7 Bxd7 52. Rd6+ Kf7 53. Rxd7+ Ke6 54. Rb7
Rxd2 55. Kg3 e4 56. Kf4 Re2 57. g5 Kd5 58. g4 Rf2+ 59. Ke3 Rg2 60. g6 Ke5 61. g5
Rg3+ 62. Kf2 Rxg5 63. Rxb2 Rxg6 64. Rb8 1/2-1/2

[Event "ch-RUS Rapid 2016"]
[Site "Sochi RUS"]
[Date "2016.10.02"]
[Round "5.20"]
[White "Konaplev, Anton"]
[Black "Ivanov, Alexander Al."]
[Result "1/2-1/2"]
[BlackTitle "GM"]
[WhiteElo "2185"]
[BlackElo "2400"]
[WhiteFideId "24165646"]
[BlackFideId "4126360"]
[EventDate "2016.10.02"]

1. d4 d6 2. e4 e5 3. Nf3 Nc6 4. Be3 Nf6 5. Nc3 Be7 6. Bb5 Bd7 7. O-O O-O 8. dxe5
Nxe5 9. Nxe5 dxe5 10. Bxd7 Nxd7 11. Qe2 c6 12. Rad1 Qc8 13. Na4 b5 14. Nc3 Bb4
15. Nb1 Nf6 16. f3 Qe6 17. c3 Be7 18. b3 a5 19. c4 bxc4 20. Qxc4 Qxc4 21. bxc4
Rfb8 22. Nc3 Rb4 23. c5 Rc4 24. Rc1 Rb8 25. Ne2 Rbb4 26. Rxc4 Rxc4 27. Rc1 Rb4
28. Rc2 Nd7 29. Nc1 Rb5 30. Nd3 f6 31. Kf2 Kf7 32. Ke2 Ke8 33. Bd2 a4 34. Be3
Kd8 35. Rc4 Ra5 36. Bd2 Ra8 37. a3 Kc7 38. Be3 Ra7 39. Nb2 Rb7 40. Nd3 Ra7 41.
Nb2 Rb7 42. Nd3 Ra7 43. Nb2 Rb7 1/2-1/2

[Event "ch-RUS Rapid 2016"]
[Site "Sochi RUS"]
[Date "2016.10.03"]
[Round "6.1"]
[White "Matlakov, Maxim"]
[Black "Andreikin, Dmitry"]
[Result "0-1"]
[WhiteTitle "GM"]
[BlackTitle "GM"]
[WhiteElo "2691"]
[BlackElo "2736"]
[WhiteFideId "4168003"]
[BlackFideId "4158814"]
[EventDate "2016.10.02"]

1. d4 d5 2. c4 c6 3. Nf3 Nf6 4. e3 a6 5. Nc3 e6 6. b3 Bb4 7. Bd2 Nbd7 8. Bd3 O-O
9. O-O Qe7 10. Re1 a5 11. Ne2 b6 12. Ng3 Bb7 13. Qc1 Rac8 14. Bxb4 axb4 15. a4
c5 16. Qb2 Rfd8 17. a5 dxc4 18. Bxc4 Bxf3 19. gxf3 bxa5 20. Rxa5 Nb6 21. dxc5
Rxc5 22. Rxc5 Qxc5 23. Rc1 Qd6 24. Bf1 Nbd5 25. Ne2 h6 26. Rc4 e5 27. Qc2 g6 28.
Rc6 Qe7 29. Qc4 Kg7 30. e4 Nc3 31. Nxc3 bxc3 32. Rc7 Qe8 33. Qxc3 Rd1 34. Rc5
Qd7 35. Kg2 Qd4 36. Qxd4 exd4 37. Be2 Re1 38. Bc4 Nh5 39. Rc7 Nf4+ 40. Kg3 g5
41. Kg4 Kg6 42. Bxf7+ Kf6 43. e5+ Rxe5 44. Bc4 h5+ 45. Kg3 Re1 46. h4 Rg1+ 47.
Kh2 Rg2+ 48. Kh1 Rxf2 49. Rd7 gxh4 50. Rxd4 Kg5 51. Rd8 h3 52. Rd4 Rb2 53. Rd1
h2 54. Bf1 Kh4 55. b4 Kg3 56. b5 h4 57. Rc1 h3 58. Rd1 Rg2 59. Bc4 Rb2 60. Bf1
Kh4 61. Rc1 Kg3 62. Rd1 Rg2 63. Bc4 Rg1+ 0-1

[Event "ch-RUS Rapid 2016"]
[Site "Sochi RUS"]
[Date "2016.10.03"]
[Round "6.2"]
[White "Paravyan, David"]
[Black "Artemiev, Vladislav"]
[Result "0-1"]
[WhiteTitle "IM"]
[BlackTitle "GM"]
[WhiteElo "2528"]
[BlackElo "2663"]
[WhiteFideId "4194985"]
[BlackFideId "24101605"]
[EventDate "2016.10.02"]

1. d4 Nf6 2. c4 g6 3. Nc3 d5 4. cxd5 Nxd5 5. Na4 Bg7 6. e4 Nb6 7. Be3 O-O 8. Nf3
Bg4 9. Nc5 Qc8 10. h3 Bxf3 11. Qxf3 Nc6 12. e5 Nb4 13. O-O-O Nxa2+ 14. Kb1 Nb4
15. Bd2 a5 16. h4 Rd8 17. Bg5 Nc6 18. Be3 a4 19. e6 fxe6 20. h5 a3 21. hxg6 hxg6
22. Bd3 Rf8 23. Qh3 Rf6 24. Qh7+ Kf7 25. Ne4 Rf5 26. Ng5+ Kf6 27. g4 axb2 28.
gxf5 exf5 29. Rdg1 Qe8 30. Qh4 Nb4 31. Ne4+ Kf7 32. Ng5+ Kf6 33. Nh7+ Ke6 34.
Rxg6+ Qxg6 35. Bc4+ Nxc4 36. d5+ Ke5 0-1

[Event "ch-RUS Rapid 2016"]
[Site "Sochi RUS"]
[Date "2016.10.03"]
[Round "6.3"]
[White "Popov, Ivan RUS"]
[Black "Yuffa, Daniil"]
[Result "0-1"]
[WhiteTitle "GM"]
[BlackTitle "IM"]
[WhiteElo "2596"]
[BlackElo "2534"]
[WhiteFideId "4170350"]
[BlackFideId "24131423"]
[EventDate "2016.10.02"]

1. e4 c5 2. b3 e5 3. Bc4 Nf6 4. Nc3 Be7 5. f4 Nc6 6. fxe5 Nxe5 7. Nf3 Nxc4 8.
bxc4 d6 9. O-O O-O 10. d3 Be6 11. h3 a6 12. a4 Nd7 13. Rb1 Rb8 14. Bf4 f6 15.
Nd5 Bxd5 16. cxd5 Ne5 17. c4 Qd7 18. Qc2 b5 19. Bxe5 fxe5 20. axb5 axb5 21. cxb5
Rxb5 22. Rxb5 Qxb5 23. Rb1 Qa6 24. Qb3 Ra8 25. Nd2 Rf8 26. Nc4 Bh4 27. Kh2 g6
28. Qb2 Bg5 29. Ra1 Qc8 30. Ra7 h5 31. Nxd6 Bf4+ 32. g3 Bxg3+ 33. Kxg3 Rf3+ 34.
Kxf3 Qxh3+ 35. Ke2 Qg2+ 36. Ke3 Qxb2 37. Nc4 Qb8 38. Re7 Qf8 39. d6 h4 40. Nxe5
h3 41. Ng4 h2 42. Nxh2 Qh6+ 43. Kf3 Qh3+ 0-1

[Event "ch-RUS Rapid 2016"]
[Site "Sochi RUS"]
[Date "2016.10.03"]
[Round "6.4"]
[White "Shaposhnikov, Evgeny"]
[Black "Dreev, Aleksey"]
[Result "1/2-1/2"]
[WhiteTitle "GM"]
[BlackTitle "GM"]
[WhiteElo "2557"]
[BlackElo "2660"]
[WhiteFideId "4122232"]
[BlackFideId "4100107"]
[EventDate "2016.10.02"]

1. c4 c6 2. e4 d5 3. exd5 cxd5 4. d4 Nf6 5. Nc3 Nc6 6. Nf3 Bg4 7. cxd5 Nxd5 8.
Qb3 Bxf3 9. gxf3 Nb6 10. Be3 e6 11. O-O-O Be7 12. d5 exd5 13. Bxb6 Qxb6 14. Qxb6
axb6 15. Nxd5 O-O 16. Nxe7+ Nxe7 17. Kb1 Rfd8 18. Bd3 g6 19. Be4 Nc6 20. a3 Kg7
21. Kc2 Kf6 22. Kc3 Ke5 23. Rhe1 Rxd1 24. Rxd1 Rc8 25. Kc4 Nd4+ 26. Kb4 Rc7 27.
Re1 Kf4 28. Rd1 Nxf3 29. Bd5 Rc2 30. b3 Rxf2 31. Bxb7 g5 32. Rd6 f5 33. h3 h5
34. Rxb6 h4 35. Rf6 Nd4 36. a4 Rb2 37. Bc8 Rxb3+ 38. Kc4 Rb8 39. Bd7 Ke5 40. Ra6
Rd8 41. Ra5+ Kd6 42. Bxf5 Nxf5 1/2-1/2

[Event "ch-RUS Rapid 2016"]
[Site "Sochi RUS"]
[Date "2016.10.03"]
[Round "6.5"]
[White "Dubov, Daniil"]
[Black "Sharafiev, Azat"]
[Result "1-0"]
[WhiteTitle "GM"]
[BlackTitle "IM"]
[WhiteElo "2648"]
[BlackElo "2418"]
[WhiteFideId "24126055"]
[BlackFideId "4186214"]
[EventDate "2016.10.02"]

1. c4 e6 2. Nc3 d5 3. d4 Nf6 4. cxd5 exd5 5. Bg5 c6 6. e3 Bf5 7. Qf3 Bg6 8. Bxf6
Qxf6 9. Qxf6 gxf6 10. Nf3 Nd7 11. Nh4 Nb6 12. O-O-O Nc8 13. Bd3 Nd6 14. Ne2
O-O-O 15. Ng3 Kb8 16. Nhf5 Nxf5 17. Nxf5 Bxf5 18. Bxf5 h6 19. Kd2 Rg8 20. g3 a5
21. h4 Kc7 22. Kd3 Bd6 23. Bh3 a4 24. Rb1 Ra8 25. Bf1 Ra5 26. Kc2 Rga8 27. Be2
Kd7 28. Rhc1 Ke7 29. Bd3 Kd7 30. Kd2 Ke7 31. Ke2 Bb4 32. Kf3 Rg8 33. Bh7 Rh8 34.
Bf5 Rg8 35. a3 Bd6 36. b4 axb3 37. Rxb3 Rb8 38. Rcb1 Ra7 39. a4 Kd8 40. Bc2 Kc7
41. Rc3 Rg8 42. Bb3 Kd7 43. Rc2 Ra6 44. Re2 Kc7 45. Rc1 Ra5 46. e4 dxe4+ 47.
Rxe4 f5 48. Re2 Rd8 49. Rd1 Bb4 50. Rc2 Rd7 51. d5 Kb8 52. Rc4 c5 53. Kf4 b5 54.
axb5 Ra3 55. Bc2 Kb7 56. d6 Kb6 57. Bxf5 Rd8 58. d7 Ra2 59. f3 Kxb5 60. Re4 Bd2+
61. Kg4 c4 62. Re8 Ba5 63. Rd5+ 1-0

[Event "ch-RUS Rapid 2016"]
[Site "Sochi RUS"]
[Date "2016.10.03"]
[Round "6.6"]
[White "Glek, Igor"]
[Black "Alekseev, Evgeny"]
[Result "1/2-1/2"]
[WhiteTitle "GM"]
[BlackTitle "GM"]
[WhiteElo "2377"]
[BlackElo "2636"]
[WhiteFideId "4100484"]
[BlackFideId "4138147"]
[EventDate "2016.10.02"]

1. e4 c5 2. f4 e6 3. Nf3 Nc6 4. c3 d5 5. e5 Bd7 6. Na3 Qb6 7. Nc2 d4 8. Bd3 Nge7
9. Qe2 Nd5 10. g3 Be7 11. Be4 O-O-O 12. cxd4 Nxd4 13. Nfxd4 cxd4 14. d3 Ba4 15.
O-O Kb8 16. Ne1 f5 17. exf6 gxf6 18. Ng2 f5 19. Bf3 Bf6 20. Bd2 Rhe8 21. Rfe1
Qa6 22. Qf1 Bb5 23. Be2 Rc8 24. a4 Bd7 25. Bh5 Red8 26. b4 Rc2 27. b5 Qb6 28.
Re2 Rdc8 29. Bf3 Qd6 30. Qb1 Nc3 31. Bxc3 R2xc3 32. Ne1 Qc5 33. Qd1 b6 34. Bg2
Rc1 35. Rxc1 Qxc1 36. Qxc1 Rxc1 37. Kf2 Ra1 38. Bc6 Bc8 39. Nf3 h6 40. h3 Rxa4
41. g4 Kc7 42. gxf5 exf5 43. Re8 Ra2+ 44. Kf1 Ra1+ 45. Ke2 Ra2+ 46. Kf1 Ra1+ 47.
Ke2 1/2-1/2

[Event "ch-RUS Rapid 2016"]
[Site "Sochi RUS"]
[Date "2016.10.03"]
[Round "6.7"]
[White "Riazantsev, Alexander"]
[Black "Zablotsky, Sergei"]
[Result "1-0"]
[WhiteTitle "GM"]
[BlackTitle "GM"]
[WhiteElo "2651"]
[BlackElo "2518"]
[WhiteFideId "4125029"]
[BlackFideId "4131606"]
[EventDate "2016.10.02"]

1. d4 d6 2. e4 Nf6 3. f3 e5 4. d5 Be7 5. Be3 Nh5 6. Qd2 h6 7. Ne2 Bg5 8. Nbc3
Bxe3 9. Qxe3 Qg5 10. Qf2 a6 11. g3 O-O 12. f4 exf4 13. gxf4 Qe7 14. f5 b5 15. a3
c5 16. dxc6 Nxc6 17. O-O-O Bb7 18. Rg1 Ne5 19. Nf4 Nxf4 20. Qxf4 Kh7 21. Be2 Qf6
22. Rg3 Rac8 23. Kb1 Rg8 24. Qe3 Rc5 25. Qd4 Rd8 26. Rdg1 Rg8 27. Qe3 Bc6 28. b4
Nc4 29. Qc1 Re5 30. Bxc4 bxc4 31. Qe3 d5 32. Qd4 dxe4 33. Qxc4 e3 34. Re1 Rge8
35. Qxa6 e2 36. Rxe2 Rxe2 37. Nxe2 Re5 38. Rc3 Rxe2 39. Qxc6 Qxf5 40. Qf3 Qe5
41. h3 f5 42. Qd3 Re1+ 43. Ka2 Qe6+ 44. Kb2 Qe5 45. b5 Qf4 46. Ka2 Qf2 47. b6
Qxb6 48. Qxf5+ Qg6 49. Qxg6+ Kxg6 50. a4 Kf6 51. a5 Ke6 52. Kb3 Kd6 53. Kb4 g5
54. a6 Rb1+ 55. Ka5 1-0

[Event "ch-RUS Rapid 2016"]
[Site "Sochi RUS"]
[Date "2016.10.03"]
[Round "6.8"]
[White "Motylev, Alexander"]
[Black "Matinian, Nikita"]
[Result "1-0"]
[WhiteTitle "GM"]
[BlackTitle "IM"]
[WhiteElo "2663"]
[BlackElo "2495"]
[WhiteFideId "4121830"]
[BlackFideId "24129100"]
[EventDate "2016.10.02"]

1. e4 e5 2. Nf3 Nc6 3. Bb5 a6 4. Ba4 Nf6 5. O-O Be7 6. Re1 b5 7. Bb3 d6 8. c3
O-O 9. h3 Nb8 10. d4 Nbd7 11. Nbd2 Bb7 12. Bc2 Re8 13. Nf1 Bf8 14. Ng3 g6 15. a4
Bg7 16. Bd3 c6 17. Bf1 Qc7 18. Bg5 bxa4 19. Qxa4 h6 20. Bd2 exd4 21. cxd4 c5 22.
Ba5 Qc8 23. d5 Nh7 24. Nd2 h5 25. Nc4 Bf8 26. Bd3 Rb8 27. Nf1 Ne5 28. Nxe5 Rxe5
29. Nd2 h4 30. Bc3 Rg5 31. Nf3 Rh5 32. Bxa6 Bg7 33. Bxb7 Qxb7 34. Qc6 Qxc6 35.
dxc6 Bxc3 36. bxc3 Rc8 37. Ra6 Nf6 38. e5 dxe5 39. Nxe5 Nd5 40. Nc4 Nxc3 41. Nd6 1-0

[Event "ch-RUS Rapid 2016"]
[Site "Sochi RUS"]
[Date "2016.10.03"]
[Round "6.9"]
[White "Moiseenko, Vadim"]
[Black "Rozum, Ivan"]
[Result "1-0"]
[WhiteTitle "IM"]
[BlackTitle "GM"]
[WhiteElo "2528"]
[BlackElo "2590"]
[WhiteFideId "4123700"]
[BlackFideId "24104272"]
[EventDate "2016.10.02"]

1. e4 c6 2. d4 d5 3. exd5 cxd5 4. Bd3 Nc6 5. c3 Qc7 6. Na3 a6 7. Nc2 Nf6 8. h3
g6 9. Ne2 Bg7 10. Bf4 Qd8 11. Qc1 O-O 12. O-O Re8 13. Rd1 e5 14. dxe5 Nxe5 15.
Ne3 Bd7 16. Bc2 Bc6 17. Bg5 Qa5 18. b4 Qb6 19. Bxf6 Bxf6 20. Nf4 Bh4 21. Rd4 Bg5
22. Nfxd5 Bxd5 23. Nxd5 Bxc1 24. Nxb6 Bb2 25. Rad1 Bxc3 26. Re4 Rad8 27. Nd5
Rxd5 28. Rxd5 Rc8 29. Bb3 Nc6 30. Rd7 1-0

[Event "ch-RUS Rapid 2016"]
[Site "Sochi RUS"]
[Date "2016.10.03"]
[Round "6.10"]
[White "Bologan, Victor"]
[Black "Potapov, Alexander1"]
[Result "1/2-1/2"]
[WhiteTitle "GM"]
[BlackTitle "GM"]
[WhiteElo "2640"]
[BlackElo "2402"]
[WhiteFideId "13900048"]
[BlackFideId "4115074"]
[EventDate "2016.10.02"]

1. e4 e5 2. Nf3 Nc6 3. Bc4 Nf6 4. d3 Be7 5. O-O O-O 6. Re1 d6 7. a4 h6 8. a5 a6
9. c3 Nh7 10. Qb3 Ng5 11. Nxg5 Bxg5 12. Be3 Qf6 13. Nd2 Nd8 14. Nf3 Bf4 15. d4
Bg4 16. Nd2 c6 17. h3 Bc8 18. Bxf4 Qxf4 19. Re3 Ne6 20. Nf3 Ng5 21. Nxg5 Qxg5
22. Qa3 Qe7 23. dxe5 Qxe5 24. Rd1 Rd8 25. Qb3 Qe7 26. e5 d5 27. Bd3 Be6 28. Bb1
g6 29. Qa4 c5 30. Qf4 Qg5 31. Qxg5 hxg5 32. Rg3 Rac8 33. Rxg5 d4 34. Be4 dxc3
35. Rxd8+ Rxd8 36. bxc3 Rd1+ 37. Kh2 Ra1 38. f4 Kf8 39. h4 Ra4 40. Bxb7 Rxf4 41.
h5 gxh5 42. Rxh5 Ra4 43. Rh8+ Kg7 44. Ra8 Rxa5 45. Rxa6 Rb5 46. Bf3 c4 47. Kg3
Rxe5 48. Kf4 Re1 49. Be4 Rc1 50. Ra3 Kf6 51. Ke3 Re1+ 52. Kd4 Rd1+ 53. Kc5 Ke5
54. Bf3 Rd3 55. Be2 Rd2 56. Bf3 Rb2 57. Ra1 Rb3 58. Re1+ Kf4 59. Kd4 Rb2 60. Rd1
Rb8 61. Bd5 Bxd5 62. Rf1+ Kg3 63. Kxd5 Rb7 64. Kxc4 Kxg2 65. Rf6 Kg3 66. Kd5 Kg4
67. Kc6 Ra7 68. Kb6 Re7 69. c4 Kg5 70. Rf1 f5 71. c5 f4 72. c6 Kg4 73. c7 Rxc7
74. Kxc7 f3 75. Rxf3 Kxf3 1/2-1/2

[Event "ch-RUS Rapid 2016"]
[Site "Sochi RUS"]
[Date "2016.10.03"]
[Round "6.11"]
[White "Morozevich, Alexander"]
[Black "Rakhmanov, Aleksandr"]
[Result "0-1"]
[WhiteTitle "GM"]
[BlackTitle "GM"]
[WhiteElo "2683"]
[BlackElo "2662"]
[WhiteFideId "4116992"]
[BlackFideId "4173708"]
[EventDate "2016.10.02"]

1. d4 Nf6 2. c4 d6 3. Nc3 Bf5 4. f3 e5 5. e4 exd4 6. Qxd4 Be6 7. b3 c6 8. Bb2
Be7 9. O-O-O a5 10. Nge2 Nbd7 11. g4 h6 12. Nf4 Nc5 13. e5 dxe5 14. Qxe5 Nfd7
15. Qe3 Qb6 16. Kb1 a4 17. Nxe6 fxe6 18. Nxa4 Nxa4 19. Qxe6 Nf8 20. Qe5 Nxb2 21.
Re1 Qb4 22. c5 Ng6 23. Qe6 Kf8 24. Re4 Qa3 25. Qxg6 Qxa2+ 26. Kc1 Bf6 27. Rf4
Nd3+ 0-1

[Event "ch-RUS Rapid 2016"]
[Site "Sochi RUS"]
[Date "2016.10.03"]
[Round "6.12"]
[White "Shcherbakov, Ruslan"]
[Black "Khairullin, Ildar"]
[Result "1/2-1/2"]
[WhiteTitle "GM"]
[BlackTitle "GM"]
[WhiteElo "2516"]
[BlackElo "2630"]
[WhiteFideId "4102240"]
[BlackFideId "4151348"]
[EventDate "2016.10.02"]

1. e4 e5 2. Nf3 Nc6 3. Bb5 a6 4. Ba4 Nf6 5. d3 b5 6. Bb3 Bc5 7. Nc3 d6 8. Nd5 h6
9. c3 O-O 10. O-O Rb8 11. d4 Ba7 12. Be3 Nxe4 13. Re1 exd4 14. Nxd4 Bxd4 15.
Bxd4 Nc5 16. Bf6 gxf6 17. Qh5 Nxb3 18. Qxh6 Ne5 19. Nxf6+ Qxf6 20. Qxf6 Nxa1 21.
Rxe5 1/2-1/2

[Event "ch-RUS Rapid 2016"]
[Site "Sochi RUS"]
[Date "2016.10.03"]
[Round "6.13"]
[White "Timofeev, Artyom"]
[Black "Ponkratov, Pavel"]
[Result "1/2-1/2"]
[WhiteTitle "GM"]
[BlackTitle "GM"]
[WhiteElo "2601"]
[BlackElo "2589"]
[WhiteFideId "4140419"]
[BlackFideId "4157800"]
[EventDate "2016.10.02"]

1. c4 Nf6 2. Nc3 e6 3. d4 Bb4 4. e3 O-O 5. Bd3 d5 6. Nf3 c5 7. O-O cxd4 8. exd4
dxc4 9. Bxc4 b6 10. Qe2 Nc6 11. Rd1 Na5 12. Bd3 Bb7 13. Bg5 Be7 14. Bxf6 Bxf6
15. Be4 Qe7 16. Ne5 Rac8 17. Qf3 Bxe4 18. Nxe4 Rfd8 19. b3 Rd5 20. Nc3 Rdd8 21.
Ne4 Rd5 22. Nc3 1/2-1/2

[Event "ch-RUS Rapid 2016"]
[Site "Sochi RUS"]
[Date "2016.10.03"]
[Round "6.14"]
[White "Grachev, Boris"]
[Black "Golubov, Saveliy"]
[Result "0-1"]
[WhiteTitle "GM"]
[BlackTitle "IM"]
[WhiteElo "2628"]
[BlackElo "2481"]
[WhiteFideId "4129199"]
[BlackFideId "24176729"]
[EventDate "2016.10.02"]

1. d4 Nf6 2. Nf3 d5 3. c4 e6 4. e3 Be7 5. b3 O-O 6. Bd3 dxc4 7. bxc4 c5 8. O-O
Nc6 9. Bb2 b6 10. Nbd2 Bb7 11. Qe2 Rc8 12. Rac1 Qc7 13. Rfd1 Rfd8 14. a3 Rd7 15.
d5 exd5 16. Bf5 Na5 17. cxd5 Rxd5 18. Bxc8 Qxc8 19. e4 Ba6 20. Qe1 Rd8 21. e5
Nd5 22. Ne4 Nc4 23. Ba1 Qg4 24. h3 Qg6 25. a4 h5 26. Ng3 h4 27. Ne2 Qe6 28. Nc3
Bb7 29. Nxd5 Bxd5 30. Nh2 Na5 31. Bc3 Nb3 32. Rb1 c4 33. Ng4 Nc5 34. a5 Nd3 35.
Qe3 Qf5 36. axb6 axb6 37. Qxb6 Nf4 38. Ne3 Qg5 39. Rxd5 Rxd5 40. Qc6 Bc5 41.
Rb8+ Kh7 42. Ng4 Ne2+ 43. Kh2 Qf4+ 44. g3 hxg3+ 45. Kg2 gxf2 46. Rh8+ Kxh8 47.
Qe8+ Kh7 48. Nf6+ Kg6 0-1